|
|
|
|
| LEADER |
00000nam0a2200000 4500 |
| 001 |
107318 |
| 005 |
20231031115239.0 |
| 010 |
|
|
|a 9785922108690
|
| 035 |
|
|
|a (RuTPU)RU\TPU\book\115875
|
| 090 |
|
|
|a 107318
|
| 100 |
|
|
|a 20061220d2007 km y0rusy50 ca
|
| 101 |
0 |
|
|a rus
|
| 102 |
|
|
|a RU
|
| 105 |
|
|
|a a z 001zy
|
| 200 |
1 |
|
|a Нанотехнологии и молекулярные компьютеры
|f Н. Г. Рамбиди
|
| 210 |
|
|
|a Москва
|c Физматлит
|d 2007
|
| 215 |
|
|
|a 256 с.
|c ил.
|
| 320 |
|
|
|a Библиогр.: с. 252-255.
|
| 330 |
|
|
|a Эта книга об одном из наиболее ранних и активно развивающихся направлений нанотехнологии — создании вычислительных устройств, в которых в качестве элементной базы используются отдельные молекулы или же их сравнительно небольшие ансамбли. Изложены основные принципы обработки информации на молекулярном уровне, сложная и во многом противоречивая история разработки молекулярных вычислительных устройств и последние результаты, которые позволяют надеяться на новый прорыв в современной вычислительной технике. Рассматриваются цифровые молекулярные системы, сходные по своей архитектуре с современными компьютерами, а также устройства, имитирующие биологические принципы обработки информации, которые, по-видимому, смогут эффективно решать задачи искусственного интеллекта. Для студентов, аспирантов и научных работников, создающих новые перспективные средства обработки информации, а также для широкого круга читателей, интересующихся этой проблемой.
|
| 610 |
1 |
|
|a нанотехнология
|
| 610 |
1 |
|
|a истоки
|
| 610 |
1 |
|
|a становление
|
| 610 |
1 |
|
|a вычислительная техника
|
| 610 |
1 |
|
|a вычислительные средства
|
| 610 |
1 |
|
|a история
|
| 610 |
1 |
|
|a молекулярная элементная база
|
| 610 |
1 |
|
|a химические реакционно-диффузионные среды
|
| 610 |
1 |
|
|a искусственный интеллект
|
| 610 |
1 |
|
|a реакционно-диффузионные процессоры
|
| 610 |
1 |
|
|a информация
|
| 610 |
1 |
|
|a обработка информации
|
| 610 |
1 |
|
|a распределенные динамические системы
|
| 610 |
1 |
|
|a самоорганизация
|
| 610 |
1 |
|
|a ДНК-компьютинг
|
| 675 |
|
|
|a 681.322-181.4
|v 3
|
| 675 |
|
|
|a 539.2
|v 3
|
| 700 |
|
1 |
|a Рамбиди
|b Н. Г.
|g Николай Георгиевич
|
| 801 |
|
1 |
|a RU
|b 63413507
|c 20061220
|g PSBO
|
| 801 |
|
2 |
|a RU
|b 63413507
|c 20210224
|g PSBO
|
| 900 |
|
|
|a Нанотехнологии
|
| 900 |
|
|
|a Искусственный интеллект
|
| 942 |
|
|
|c BK
|
| 959 |
|
|
|a 104/20061204
|d 1
|e 0
|f ЧЗТЛ:1
|